[Event "IECC KO email"]
[Site "IECC email"]
[Date "2001.07.22"]
[Round "?"]
[White "Metcalfe, Keith"]
[Black "Williams, Derek"]
[Result "1-0"]
[WhiteElo "1606"]
[BlackElo "1590"]
[PlyCount "85"]
[EventDate "2001.??.??"]
[EventType "tourn (corr)"]
[EventRounds "6"]
[SourceTitle "Corr 2008"]
[Source "ChessBase"]
[SourceDate "2008.06.24"]
[SourceVersion "1"]
[SourceVersionDate "2008.06.24"]
[SourceQuality "1"]

1. e4 e5 2. Nf3 Nc6 3. Bc4 Bc5 4. Nc3 d6 5. Na4 Bb6 6. Nxb6 axb6 7. d4 Bg4 8. d5 Nd4 9. c3 Nxf3+ 10. gxf3 Bd7 11. f4 Qh4 12. Qf3 Nf6 13. fxe5 dxe5 14. Bd3 0-0 15. Qg3 Qxg3 16. hxg3 Bg4 17. Rh4 Bf3 18. c4 Ra4 19. b3 Ra5 20. Bc2 Raa8 21. a4 h6 22. Ra3 Bxe4 23. Rxe4 Nxe4 24. Bxe4 f5 25. Bc2 e4 26. b4 Kf7 27. f3 Rfe8 28. fxe4 fxe4 29. Re3 Re7 30. Bb2 Rae8 31. a5 bxa5 32. bxa5 Ra8 33. Bc3 Rd8 34. Ke2 Rde8 35. c5 Kf8 36. d6 cxd6 37. cxd6 Rd7 38. Bb4 Re5 39. Bb3 g5 40. Rc3 Re8 41. Rc7 Red8 42. Ba4 Rxd6 43. Rxb7 1-0

[Event "IECC KO email"]
[Site "IECC email"]
[Date "2001.07.04"]
[Round "?"]
[White "Metcalfe, Keith"]
[Black "Magalhaes, Joao Flavio"]
[Result "1-0"]
[WhiteElo "1621"]
[BlackElo "1453"]
[PlyCount "87"]
[EventDate "2001.??.??"]
[EventType "tourn (corr)"]
[EventRounds "6"]
[SourceTitle "Corr 2008"]
[Source "ChessBase"]
[SourceDate "2008.06.24"]
[SourceVersion "1"]
[SourceVersionDate "2008.06.24"]
[SourceQuality "1"]

1. e4 e5 2. Nf3 Nc6 3. Bc4 Nf6 4. Ng5 d5 5. exd5 Nxd5 6. Qh5 g6 7. Qf3 Be6 8. Nxe6 fxe6 9. Bb5 Bc5 10. Bxc6+ bxc6 11. 0-0 Rf8 12. Qe2 Nf4 13. Qe4 Qd6 14. Nc3 Rb8 15. b3 Rb4 16. Qf3 Nd5 17. Qe2 Nf4 18. Qd1 Nd5 19. Qe1 Nxc3 20. dxc3 Rh4 21. Be3 Re4 22. Kh1 Qe7 23. Qe2 Bxe3 24. fxe3 Rf5 25. Qa6 Qc5 26. Qc8+ Kf7 27. Rfd1 Kg7 28. Rd7+ Kh6 29. Qxc7 Qxe3 30. Rxh7+ Kg5 31. Qxa7 Qxc3 32. Rg1 Ref4 33. h3 Qxc2 34. Qe7+ Rf6 35. Rf7 Qf5 36. Rxf6 Qxf6 37. Qc5 Rf2 38. a4 Qf5 39. Qxc6 Kf6 40. a5 Qd3 41. Qc5 Qf5 42. a6 Ra2 43. b4 e4 44. Qc3+ 1-0

[Event "IECC KO email"]
[Site "IECC email"]
[Date "2001.01.07"]
[Round "?"]
[White "Hakuc, Waclaw"]
[Black "Metcalfe, Keith"]
[Result "1-0"]
[WhiteElo "1679"]
[BlackElo "1584"]
[PlyCount "185"]
[EventDate "2001.??.??"]
[EventType "tourn (corr)"]
[EventRounds "6"]
[SourceTitle "Corr 2008"]
[Source "ChessBase"]
[SourceDate "2008.06.24"]
[SourceVersion "1"]
[SourceVersionDate "2008.06.24"]
[SourceQuality "1"]

1. e4 e5 2. Nf3 Nf6 3. Nxe5 Qe7 4. d4 d6 5. Nd3 Qxe4+ 6. Be3 Nd5 7. Nd2 Nxe3 8. Nxe4 Nxd1 9. Rxd1 d5 10. Ng3 Bd6 11. Be2 Nc6 12. c3 0-0 13. 0-0 Ne7 14. Rfe1 Be6 15. Bf3 Ng6 16. Nc5 Bxc5 17. dxc5 c6 18. Ne2 Ne5 19. Nd4 Nxf3+ 20. Nxf3 Bg4 21. Re7 Rab8 22. Rde1 Bxf3 23. gxf3 f5 24. h4 Rf7 25. R7e5 g6 26. Kf1 Kg7 27. Kg2 Rd8 28. R5e3 f4 29. Re6 Rdd7 30. b4 Rd8 31. a3 a5 32. Kh3 axb4 33. axb4 Ra8 34. Rg1 Kh6 35. Kg4 Ra2 36. Rf1 Kg7 37. h5 gxh5+ 38. Kxh5 Rc2 39. Rg1+ Kf8 40. Rge1 Rxf2 41. Kh6 Rh2+ 42. Kg5 Rh3 43. Rf1 Rg3+ 44. Kh4 Kg7 45. Rd6 Rf6 46. Rd7+ Kg6 47. Re7 Rf5 48. Re6+ Kg7 49. Re7+ Rf7 50. Rxf7+ Kxf7 51. Ra1 Rxf3 52. Ra7 Rxc3 53. Rxb7+ Ke6 54. Rc7 Kf5 55. Rxc6 Rc1 56. Kh3 d4 57. Kg2 d3 58. Rd6 Ke4 59. Re6+ Kd4 60. Rd6+ Ke3 61. Re6+ Kd2 62. c6 Rc3 63. b5 Kc1 64. b6 d2 65. Rd6 d1Q 66. Rxd1+ Kxd1 67. b7 f3+ 68. Kf2 Rb3 69. c7 Rxb7 70. c8Q Rb3 71. Qd7+ Kc2 72. Qxh7+ Kd2 73. Kg3 Rd3 74. Qc7 Ra3 75. Qc5 Rc3 76. Qa5 Kc2 77. Qa2+ Kc1 78. Kf4 Rd3 79. Ke4 Rd2 80. Qa3+ Kc2 81. Qxf3 Rd6 82. Qa3 Rd1 83. Qa4+ Kd2 84. Qd4+ Kc2 85. Qc4+ Kb2 86. Qe2+ Kc1 87. Ke3 Rg1 88. Qh2 Rd1 89. Qa2 Rd8 90. Qa3+ Kc2 91. Qc5+ Kb3 92. Qb6+ Ka2 93. Qxd8 1-0

[Event "IECC CL5-2000.25"]
[Site "IECC email"]
[Date "2000.08.17"]
[Round "?"]
[White "Metcalfe, Keith"]
[Black "Washburn, David"]
[Result "0-1"]
[WhiteElo "1477"]
[BlackElo "1544"]
[PlyCount "93"]
[EventDate "2000.??.??"]
[EventType "tourn (corr)"]
[EventRounds "4"]
[SourceTitle "Corr 2008"]
[Source "ChessBase"]
[SourceDate "2008.06.24"]
[SourceVersion "1"]
[SourceVersionDate "2008.06.24"]
[SourceQuality "1"]

1. Nf3 Nf6 2. d4 e6 3. Bg5 c5 4. Nc3 cxd4 5. Nxd4 Be7 6. Ndb5 Qb6 7. Be3 Bc5 8. Bxc5 Qxc5 9. Qd6 Qxd6 10. Nxd6+ Ke7 11. Rd1 a6 12. Na4 Nd5 13. Nxc8+ Rxc8 14. e4 b5 15. exd5 bxa4 16. d6+ Kf6 17. Bd3 Ra7 18. h4 h6 19. Rh3 g6 20. Be4 Rc4 21. Re3 Kg7 22. b3 axb3 23. axb3 Rc5 24. c3 a5 25. Bc2 f5 26. g3 Nc6 27. h5 g5 28. f4 g4 29. Ra1 Kf6 30. Rd1 Nd8 31. Kf2 Ra6 32. Rd4 Nb7 33. Red3 Rcc6 34. Re3 Rxd6 35. Ra4 Rd2+ 36. Re2 Rxe2+ 37. Kxe2 Rc6 38. Kd2 d6 39. b4 d5 40. bxa5 Ra6 41. c4 dxc4 42. Rxc4 Rxa5 43. Rc8 Nd6 44. Rh8 Kg7 45. Rb8 Ra2 46. Rb2 Rxb2 47. Kc3 0-1

[Event "IECC CL5-2000.25"]
[Site "IECC email"]
[Date "2000.08.17"]
[Round "?"]
[White "Petters, Paul"]
[Black "Metcalfe, Keith"]
[Result "1/2-1/2"]
[WhiteElo "1416"]
[BlackElo "1454"]
[PlyCount "87"]
[EventDate "2000.??.??"]
[EventType "tourn (corr)"]
[EventRounds "4"]
[SourceTitle "Corr 2008"]
[Source "ChessBase"]
[SourceDate "2008.06.24"]
[SourceVersion "1"]
[SourceVersionDate "2008.06.24"]
[SourceQuality "1"]

1. e4 e6 2. d4 d5 3. Nd2 c5 4. exd5 Qxd5 5. Ngf3 cxd4 6. Bc4 Qc5 7. 0-0 Nc6 8. Qe2 Be7 9. Nb3 Qh5 10. Bf4 Bf6 11. Qe4 d3 12. c3 Nge7 13. Rfe1 0-0 14. Rad1 Re8 15. Ne5 Nxe5 16. Bxe5 Qxe5 17. Qxe5 Bxe5 18. Rxe5 Bd7 19. Bxd3 Ba4 20. Re2 Rad8 21. Red2 Nc6 22. Bc2 Rxd2 23. Rxd2 e5 24. Kf1 Rd8 25. Ke2 h6 26. Rxd8+ Nxd8 27. Ke3 Kf8 28. Bd3 Bxb3 29. axb3 Ke7 30. b4 g6 31. b5 f5 32. g3 Ke6 33. Bc4+ Kd6 34. b4 Ne6 35. Bxe6 Kxe6 36. c4 Kd7 37. Kd3 Kd6 38. c5+ Kd5 39. f3 h5 40. h4 Ke6 41. Kc4 b6 42. c6 Kd6 43. Kd3 Ke7 44. Ke2 1/2-1/2

[Event "IECC CL5-2000.25"]
[Site "IECC email"]
[Date "2000.08.17"]
[Round "?"]
[White "Thompson, Junior"]
[Black "Metcalfe, Keith"]
[Result "0-1"]
[WhiteElo "1431"]
[BlackElo "1428"]
[PlyCount "42"]
[EventDate "2000.??.??"]
[EventType "tourn (corr)"]
[EventRounds "4"]
[SourceTitle "Corr 2008"]
[Source "ChessBase"]
[SourceDate "2008.06.24"]
[SourceVersion "1"]
[SourceVersionDate "2008.06.24"]
[SourceQuality "1"]

1. f4 Nf6 2. e3 d5 3. d3 Nc6 4. Be2 e5 5. Nf3 e4 6. dxe4 Nxe4 7. Bc4 dxc4 8. Ne5 Qxd1+ 9. Kxd1 Nxe5 10. fxe5 Nf2+ 11. Ke1 Nxh1 12. Nc3 Be6 13. Nb5 Bb4+ 14. c3 Ba5 15. b4 cxb3 16. Bd2 bxa2 17. c4 Bxc4 18. Bxa5 Bxb5 19. Bxc7 Rc8 20. Rc1 Rxc7 21. Rxc7 a1Q+ 0-1

[Event "IECC KO email"]
[Site "IECC email"]
[Date "2000.07.26"]
[Round "?"]
[White "Metcalfe, Keith"]
[Black "Bucur, Sorin"]
[Result "1-0"]
[WhiteElo "1543"]
[BlackElo "1469"]
[PlyCount "97"]
[EventDate "2000.??.??"]
[EventType "tourn (corr)"]
[EventRounds "6"]
[SourceTitle "Corr 2008"]
[Source "ChessBase"]
[SourceDate "2008.06.24"]
[SourceVersion "1"]
[SourceVersionDate "2008.06.24"]
[SourceQuality "1"]

1. Nf3 Nf6 2. d4 d5 3. e3 e6 4. Bd3 c5 5. 0-0 Nc6 6. b3 Be7 7. dxc5 Bxc5 8. Ba3 Bxa3 9. Nxa3 e5 10. Be2 Qe7 11. Nb5 0-0 12. c4 dxc4 13. bxc4 Rd8 14. Qc2 a6 15. Nc3 e4 16. Nd2 Nb4 17. Qb2 Nd3 18. Qc2 Bf5 19. Rad1 Nb4 20. Qb3 Nc6 21. a3 Rac8 22. Nd5 Nxd5 23. cxd5 Ne5 24. Rc1 Rc7 25. Rxc7 Qxc7 26. Rd1 Rc8 27. Qb4 Nd3 28. Bxd3 exd3 29. e4 Bg4 30. f3 Bd7 31. Nf1 Bb5 32. a4 Qb6+ 33. Kh1 Rc4 34. Qb2 Rc2 35. Qe5 Bd7 36. a5 Qxa5 37. Qb8+ Bc8 38. d6 Qb5 39. Ne3 Rc5 40. h3 h5 41. Kh2 Kh7 42. Qa7 Rc3 43. Qd4 Rb3 44. Nd5 Bd7 45. Qe5 f5 46. Qe7 Kg8 47. Nc7 Qc6 48. Ne6 Bxe6 49. Qxe6+ 1-0

[Event "IECC KO email"]
[Site "IECC email"]
[Date "2000.05.28"]
[Round "?"]
[White "Lilja, Gunnar"]
[Black "Metcalfe, Keith"]
[Result "1-0"]
[WhiteElo "1639"]
[BlackElo "1352"]
[PlyCount "81"]
[EventDate "2000.??.??"]
[EventType "tourn (corr)"]
[EventRounds "6"]
[SourceTitle "Corr 2008"]
[Source "ChessBase"]
[SourceDate "2008.06.24"]
[SourceVersion "1"]
[SourceVersionDate "2008.06.24"]
[SourceQuality "1"]

1. d4 Nf6 2. c4 e6 3. Nc3 Bb4 4. e3 0-0 5. Bd3 d5 6. Nf3 c5 7. 0-0 cxd4 8. exd4 dxc4 9. Bxc4 a6 10. a3 Bd6 11. Bg5 b5 12. Ba2 h6 13. Bxf6 Qxf6 14. Ne4 Qf4 15. Nxd6 Qxd6 16. d5 e5 17. Rc1 Bb7 18. Nh4 g6 19. Qg4 Kh7 20. Qb4 Qxb4 21. axb4 Rc8 22. d6 g5 23. Rxc8 Nd7 24. Rxa8 Bxa8 25. Nf5 Be4 26. Ng3 Bg6 27. Rc1 Nf8 28. Rc7 Kg8 29. d7 Nxd7 30. Rxd7 Kg7 31. Bd5 h5 32. Be4 Kh6 33. Bxg6 fxg6 34. h3 g4 35. h4 e4 36. Ra7 g5 37. Rxa6+ Kg7 38. Nxh5+ Kf7 39. hxg5 Ke7 40. g6 g3 41. g7 1-0

[Event "IECC KO email"]
[Site "IECC email"]
[Date "2000.04.28"]
[Round "?"]
[White "Metcalfe, Keith"]
[Black "Ventimiglia, Charles"]
[Result "0-1"]
[WhiteElo "1376"]
[BlackElo "1932"]
[PlyCount "78"]
[EventDate "2000.??.??"]
[EventType "tourn (corr)"]
[EventRounds "6"]
[SourceTitle "Corr 2008"]
[Source "ChessBase"]
[SourceDate "2008.06.24"]
[SourceVersion "1"]
[SourceVersionDate "2008.06.24"]
[SourceQuality "1"]

1. d4 Nf6 2. Nf3 d5 3. c4 c6 4. Nc3 dxc4 5. a4 Bf5 6. Ne5 e6 7. f3 Bb4 8. e4 Bxe4 9. fxe4 Nxe4 10. Be2 Nxc3 11. bxc3 Bxc3+ 12. Bd2 Bxd4 13. Nxc4 Bxa1 14. Qxa1 0-0 15. 0-0 Qe7 16. Qc3 f6 17. Qe3 b6 18. Bg4 e5 19. Bc1 Nd7 20. Ba3 c5 21. Qb3 Kh8 22. a5 Rfd8 23. Rd1 Nf8 24. Nd6 Rxd6 25. Bb2 Rxd1+ 26. Qxd1 b5 27. Qc2 Rd8 28. Bf3 Qd6 29. Bc1 Ne6 30. Qa2 Qd4+ 31. Kf1 Nf4 32. Bxf4 Qxf4 33. Qc2 Qc4+ 34. Qxc4 bxc4 35. Ke1 c3 36. Be4 c4 37. Bb1 Rd2 38. g3 Rxh2 39. Be4 Kg8 0-1

[Event "IECC KO email"]
[Site "IECC email"]
[Date "2000.04.15"]
[Round "?"]
[White "Bessonov, Yevgeni"]
[Black "Metcalfe, Keith"]
[Result "0-1"]
[WhiteElo "1130"]
[BlackElo "1424"]
[PlyCount "98"]
[EventDate "2000.??.??"]
[EventType "tourn (corr)"]
[EventRounds "6"]
[SourceTitle "Corr 2008"]
[Source "ChessBase"]
[SourceDate "2008.06.24"]
[SourceVersion "1"]
[SourceVersionDate "2008.06.24"]
[SourceQuality "1"]

1. c4 c6 2. e4 d5 3. exd5 cxd5 4. cxd5 Nf6 5. Nc3 Nxd5 6. Nf3 Nc6 7. d4 e6 8. Bc4 Be7 9. 0-0 0-0 10. Re1 Qd6 11. a3 a6 12. Bb3 Nf6 13. Bg5 Rd8 14. Bxf6 Bxf6 15. Ne4 Qe7 16. Nxf6+ Qxf6 17. Re4 b6 18. Qd3 Ne7 19. Rae1 Rd6 20. h3 Bb7 21. R4e3 Nf5 22. Re5 h6 23. Kh1 Rad8 24. d5 Ne7 25. Qe2 Nxd5 26. Qe4 Re8 27. Bxd5 Bxd5 28. Qe2 Bxf3 29. Qxf3 Qxf3 30. gxf3 Red8 31. R5e2 g5 32. Kg2 Kf8 33. Rc1 Rd1 34. Rc6 R8d6 35. Rec2 Kg7 36. Rc1 R1d2 37. R6c2 Kf6 38. Kf1 Ke5 39. Re1+ Kf4 40. Rc4+ Kf5 41. Re2 Rd1+ 42. Re1 R1d3 43. Rc3 Rxc3 44. bxc3 Rc6 45. Re3 Rc4 46. Rd3 b5 47. Rd7 f6 48. Rd6 Ra4 49. Ke2 Rxa3 0-1

[Event "IECC KO email"]
[Site "IECC email"]
[Date "2000.03.18"]
[Round "?"]
[White "Marcotulli, Giancarlo"]
[Black "Metcalfe, Keith"]
[Result "1-0"]
[WhiteElo "1893"]
[BlackElo "1359"]
[PlyCount "29"]
[EventDate "2000.??.??"]
[EventType "tourn (corr)"]
[EventRounds "6"]
[SourceTitle "Corr 2008"]
[Source "ChessBase"]
[SourceDate "2008.06.24"]
[SourceVersion "1"]
[SourceVersionDate "2008.06.24"]
[SourceQuality "1"]

1. e4 e5 2. Bc4 Nc6 3. Nf3 d6 4. c3 Nf6 5. Ng5 d5 6. exd5 Nxd5 7. d4 Be7 8. Nxf7 Kxf7 9. Qf3+ Ke6 10. Qe4 g5 11. 0-0 b6 12. f4 gxf4 13. Bxf4 Qd6 14. Bxe5 Nxe5 15. Qf5# 1-0

[Event "IECC KO email"]
[Site "IECC email"]
[Date "2000.03.07"]
[Round "?"]
[White "Metcalfe, Keith"]
[Black "Viatge, Fabrice"]
[Result "1/2-1/2"]
[WhiteElo "1363"]
[BlackElo "1101"]
[PlyCount "81"]
[EventDate "2000.??.??"]
[EventType "tourn (corr)"]
[EventRounds "6"]
[SourceTitle "Corr 2008"]
[Source "ChessBase"]
[SourceDate "2008.06.24"]
[SourceVersion "1"]
[SourceVersionDate "2008.06.24"]
[SourceQuality "1"]

1. d4 g6 2. e4 Bg7 3. Nf3 d6 4. Nc3 Nf6 5. Be2 0-0 6. 0-0 c6 7. a4 Nbd7 8. Bc4 Nxe4 9. Nxe4 d5 10. Ned2 dxc4 11. Nxc4 Nb6 12. Nxb6 axb6 13. Re1 Bg4 14. c3 Re8 15. Bf4 Qd5 16. Re3 c5 17. Be5 Bh6 18. Re1 e6 19. h3 Bxf3 20. Qxf3 Qxf3 21. gxf3 Bg7 22. b3 Rec8 23. f4 cxd4 24. cxd4 Rc6 25. Rec1 Rac8 26. Rxc6 Rxc6 27. Re1 f6 28. Bb8 Kf7 29. Kg2 Bf8 30. Rd1 Rc3 31. f5 gxf5 32. d5 exd5 33. Rxd5 Rxb3 34. Rd7+ Ke6 35. Rxh7 b5 36. Rh8 Bc5 37. axb5 Rxb5 38. Re8+ Kf7 39. Rc8 Bd4 40. Rd8 Be5 41. f4 1/2-1/2

[Event "IECC KO email"]
[Site "IECC email"]
[Date "2000.03.07"]
[Round "?"]
[White "Viatge, Fabrice"]
[Black "Metcalfe, Keith"]
[Result "1-0"]
[WhiteElo "1106"]
[BlackElo "1363"]
[PlyCount "39"]
[EventDate "2000.??.??"]
[EventType "tourn (corr)"]
[EventRounds "6"]
[SourceTitle "Corr 2008"]
[Source "ChessBase"]
[SourceDate "2008.06.24"]
[SourceVersion "1"]
[SourceVersionDate "2008.06.24"]
[SourceQuality "1"]

1. d4 d5 2. c4 dxc4 3. Nf3 b5 4. a4 c6 5. axb5 cxb5 6. Nc3 Qb6 7. b3 cxb3 8. Qxb3 Bd7 9. e4 b4 10. Nd5 Bc6 11. Nxb6 axb6 12. Rxa8 Bxa8 13. Ne5 Nf6 14. Qa4+ Bc6 15. Nxc6 e6 16. Nxb8+ b5 17. Bxb5+ Kd8 18. Nc6+ Kd7 19. Qa7+ Kd6 20. Qb8+ 1-0

[Event "IECC CL6-2000.11"]
[Site "IECC email"]
[Date "2000.03.02"]
[Round "?"]
[White "Metcalfe, Keith"]
[Black "Christopher, Horace"]
[Result "1-0"]
[WhiteElo "1358"]
[BlackElo "1244"]
[PlyCount "69"]
[EventDate "2000.??.??"]
[EventType "tourn (corr)"]
[EventRounds "4"]
[SourceTitle "Corr 2008"]
[Source "ChessBase"]
[SourceDate "2008.06.24"]
[SourceVersion "1"]
[SourceVersionDate "2008.06.24"]
[SourceQuality "1"]

1. e4 d5 2. exd5 Qxd5 3. Nc3 Qa5 4. d4 c6 5. Bc4 Nf6 6. Bd2 Qb6 7. Nf3 Bg4 8. Bxf7+ Kxf7 9. Ne5+ Kg8 10. Nxg4 Qxd4 11. Nxf6+ exf6 12. 0-0 Nd7 13. Be3 Qxd1 14. Raxd1 Ne5 15. Bd4 Bd6 16. Bxa7 Rxa7 17. Rxd6 Kf7 18. f4 Nc4 19. Rd7+ Kg6 20. f5+ Kh6 21. Rf3 Ne5 22. Rh3+ Kg5 23. Rxg7+ Kxf5 24. Rh5+ Ke6 25. Rhxh7 Rxh7 26. Rxh7 Nc4 27. Rh4 Nxb2 28. Re4+ Kf7 29. Rb4 Ra3 30. Rxb7+ Ke6 31. Rxb2 Rxc3 32. Kf2 Ke5 33. Ke2 c5 34. Kd2 Kd4 35. Rb3 1-0

[Event "IECC P email"]
[Site "IECC email"]
[Date "2000.02.22"]
[Round "?"]
[White "Metcalfe, Keith"]
[Black "Hommerson, Paul"]
[Result "0-1"]
[WhiteElo "1438"]
[BlackElo "2033"]
[PlyCount "96"]
[EventDate "2000.??.??"]
[EventType "tourn (corr)"]
[EventRounds "6"]
[SourceTitle "Corr 2008"]
[Source "ChessBase"]
[SourceDate "2008.06.24"]
[SourceVersion "1"]
[SourceVersionDate "2008.06.24"]
[SourceQuality "1"]

1. e4 c5 2. Nc3 d6 3. Bc4 Nf6 4. Nge2 e6 5. d4 cxd4 6. Nxd4 a6 7. Bg5 b5 8. Bb3 Be7 9. 0-0 0-0 10. a3 Qb6 11. Be3 Qb7 12. f3 Bd7 13. Qd3 Nc6 14. Nxc6 Bxc6 15. Rad1 Nd7 16. Nd5 Bxd5 17. exd5 e5 18. f4 exf4 19. Rxf4 Bg5 20. Re4 Bxe3+ 21. Qxe3 Ne5 22. Rh4 Rae8 23. Qh3 Ng6 24. Rxh7 Qa7+ 25. Kf1 Re3 26. Qh5 Re4 27. g3 Qe3 28. Kg2 Re5 29. Rxg7+ Kxg7 30. Qf3 Qxf3+ 31. Kxf3 Rfe8 32. Rd2 Rf5+ 33. Kg2 Ree5 34. c4 bxc4 35. Bxc4 a5 36. h4 Ne7 37. Rd4 Nxd5 38. Kh3 Ne3 39. b4 axb4 40. axb4 Nxc4 41. Rxc4 d5 42. Rc8 d4 43. Rd8 Rd5 44. Ra8 d3 45. Ra1 d2 46. Rd1 Rfe5 47. Kg4 Re1 48. Kf3 Rxd1 0-1

[Event "IECC M email"]
[Site "IECC email"]
[Date "2000.02.06"]
[Round "?"]
[White "Metcalfe, Keith"]
[Black "Borger, Eric"]
[Result "1-0"]
[WhiteElo "1348"]
[BlackElo "1206"]
[PlyCount "33"]
[EventDate "2000.??.??"]
[EventType "tourn (corr)"]
[EventRounds "2"]
[SourceTitle "Corr 2008"]
[Source "ChessBase"]
[SourceDate "2008.06.24"]
[SourceVersion "1"]
[SourceVersionDate "2008.06.24"]
[SourceQuality "1"]

1. e4 e5 2. Nf3 Nc6 3. Nc3 Nf6 4. Bc4 Nxe4 5. Nxe4 d5 6. Bb5 dxe4 7. Nxe5 Qd5 8. Bxc6+ bxc6 9. Ng4 Bd6 10. Ne3 Qe6 11. 0-0 0-0 12. d3 Ba6 13. Re1 exd3 14. cxd3 Rfe8 15. d4 Rab8 16. Bd2 Qh6 17. g3 1-0

[Event "IECC M email"]
[Site "IECC email"]
[Date "2000.02.06"]
[Round "?"]
[White "Metcalfe, Keith"]
[Black "Van der Merwe, Francois"]
[Result "1-0"]
[WhiteElo "1380"]
[BlackElo "1253"]
[PlyCount "58"]
[EventDate "2000.??.??"]
[EventType "tourn (corr)"]
[EventRounds "2"]
[SourceTitle "Corr 2008"]
[Source "ChessBase"]
[SourceDate "2008.06.24"]
[SourceVersion "1"]
[SourceVersionDate "2008.06.24"]
[SourceQuality "1"]

1. d4 d5 2. Bf4 e6 3. e3 Nf6 4. Nd2 c5 5. Ngf3 Nc6 6. c3 Be7 7. dxc5 Bxc5 8. Bb5 0-0 9. 0-0 Qb6 10. a4 a6 11. Bxc6 bxc6 12. b4 Be7 13. Ne5 Bd6 14. Nec4 dxc4 15. Bxd6 Rd8 16. Nxc4 Qb7 17. Qf3 Nd5 18. e4 Nb6 19. Na5 Qd7 20. Be5 Qe7 21. Nxc6 Qg5 22. Bf4 Qf6 23. e5 Qh4 24. g3 Qh3 25. Nxd8 Rb8 26. Be3 Qf5 27. Qxf5 exf5 28. Nc6 Rb7 29. Bxb6 Rxb6 1-0

[Event "IECC M email"]
[Site "IECC email"]
[Date "2000.02.06"]
[Round "?"]
[White "Van der Merwe, Francois"]
[Black "Metcalfe, Keith"]
[Result "0-1"]
[WhiteElo "1265"]
[BlackElo "1368"]
[PlyCount "58"]
[EventDate "2000.??.??"]
[EventType "tourn (corr)"]
[EventRounds "2"]
[SourceTitle "Corr 2008"]
[Source "ChessBase"]
[SourceDate "2008.06.24"]
[SourceVersion "1"]
[SourceVersionDate "2008.06.24"]
[SourceQuality "1"]

1. e4 e5 2. Nf3 Nf6 3. d3 Nc6 4. Nc3 d5 5. exd5 Nxd5 6. Bd2 Bc5 7. g3 0-0 8. Bg2 Bg4 9. 0-0 Nxc3 10. Bxc3 f6 11. h3 Be6 12. Qe2 Qd7 13. g4 h5 14. Nh2 Rad8 15. b3 Nd4 16. Qd2 hxg4 17. hxg4 Bxg4 18. Nxg4 Qxg4 19. Bxd4 Rxd4 20. Rae1 Rfd8 21. Re3 Qg5 22. Qc1 Rg4 23. Rg3 Rxg3 24. Qxg5 Rxg5 25. Re1 c6 26. Re4 Kf7 27. Kf1 Rh8 28. Rc4 Rh2 29. Bf3 Rxf2+ 0-1

[Event "IECC KO email"]
[Site "IECC email"]
[Date "1999.12.13"]
[Round "?"]
[White "Jobe, Tom B"]
[Black "Metcalfe, Keith"]
[Result "1-0"]
[WhiteElo "1671"]
[BlackElo "1348"]
[PlyCount "98"]
[EventDate "1999.??.??"]
[EventType "tourn (corr)"]
[EventRounds "6"]
[SourceTitle "Corr 2008"]
[Source "ChessBase"]
[SourceDate "2008.06.24"]
[SourceVersion "1"]
[SourceVersionDate "2008.06.24"]
[SourceQuality "1"]

1. e4 e5 2. Nf3 Nf6 3. Nxe5 d6 4. Nf3 Nxe4 5. d4 d5 6. Bd3 Be7 7. 0-0 0-0 8. c4 c6 9. Qc2 f5 10. Nc3 Kh8 11. Qb3 dxc4 12. Qxc4 Nd6 13. Qb3 a5 14. Re1 Na6 15. Bf4 Nb4 16. Bb1 Ne4 17. Be5 Nf6 18. a3 Nbd5 19. Ba2 Ra6 20. Na4 Ne4 21. Re2 b5 22. Nc3 a4 23. Qc2 Ndxc3 24. bxc3 Bxa3 25. Bc4 Bd6 26. Bd3 Bxe5 27. Nxe5 Ng5 28. f4 Ne6 29. g3 Nxd4 30. cxd4 Qxd4+ 31. Kg2 Qxa1 32. Qc5 Rf6 33. Nf3 Bd7 34. Qe7 Be6 35. Rxe6 Qa2+ 36. Re2 Qg8 37. Bb1 Qf8 38. Qd7 Ra8 39. Re7 Rd8 40. Qa7 Rfd6 41. Ng5 Rd2+ 42. Kh3 R8d6 43. Ne6 Rxe6 44. Rxe6 g6 45. Qe7 Qh6+ 46. Qh4 Qxh4+ 47. gxh4 Rb2 48. h5 Rxb1 49. h6 Kg8 1-0

[Event "IECC KO email"]
[Site "IECC email"]
[Date "1999.12.13"]
[Round "?"]
[White "Metcalfe, Keith"]
[Black "Jobe, Tom B"]
[Result "1-0"]
[WhiteElo "1320"]
[BlackElo "1688"]
[PlyCount "95"]
[EventDate "1999.??.??"]
[EventType "tourn (corr)"]
[EventRounds "6"]
[SourceTitle "Corr 2008"]
[Source "ChessBase"]
[SourceDate "2008.06.24"]
[SourceVersion "1"]
[SourceVersionDate "2008.06.24"]
[SourceQuality "1"]

1. e4 c5 2. Nf3 d6 3. d4 cxd4 4. Nxd4 Nf6 5. Nc3 g6 6. Be3 Bg7 7. Be2 Nc6 8. 0-0 0-0 9. f4 Qb6 10. Qd3 Ng4 11. Bxg4 Bxd4 12. Bxd4 Qxd4+ 13. Qxd4 Nxd4 14. Bd1 Bd7 15. Nd5 Nc6 16. c3 Kg7 17. Ba4 e6 18. Ne3 Rfd8 19. Rad1 Be8 20. Rf2 Rd7 21. Rfd2 Rad8 22. b4 a6 23. Bb3 b5 24. g3 Kf6 25. a4 Ke7 26. g4 f6 27. Kg2 Na7 28. f5 Bf7 29. fxe6 Bxe6 30. Nd5+ Bxd5 31. exd5 Rc7 32. Rc1 Rdc8 33. axb5 Nxb5 34. c4 Na7 35. Re1+ Kf7 36. Re6 Rb8 37. Rxd6 Rxb4 38. Rd3 Nc8 39. Rxa6 Rcb7 40. Ba2 Rb2+ 41. Kg3 Rc2 42. Bb3 Rb2 43. Ba4 Nb6 44. c5 Nxa4 45. Rxa4 Rc2 46. c6 Rbb2 47. Ra7+ Kf8 48. c7 1-0

[Event "IECC CL7-2000.01"]
[Site "IECC email"]
[Date "1999.10.24"]
[Round "?"]
[White "Jeffrey, Jack Thomas"]
[Black "Metcalfe, Keith"]
[Result "0-1"]
[WhiteElo "1160"]
[BlackElo "1133"]
[PlyCount "44"]
[EventDate "2000.??.??"]
[EventType "tourn (corr)"]
[EventRounds "4"]
[SourceTitle "Corr 2008"]
[Source "ChessBase"]
[SourceDate "2008.06.24"]
[SourceVersion "1"]
[SourceVersionDate "2008.06.24"]
[SourceQuality "1"]

1. Nf3 d5 2. g3 Bf5 3. d4 e6 4. Bg2 c5 5. 0-0 Nf6 6. c3 Nbd7 7. Bg5 Qb6 8. b3 Ne4 9. Bd2 Be7 10. Re1 0-0 11. h3 cxd4 12. cxd4 Rac8 13. Be3 Qa5 14. Bd2 Nxd2 15. Nbxd2 Bc2 16. Qc1 Ba3 17. Rf1 Bxc1 18. Rfxc1 Rc3 19. e3 Rfc8 20. Ne1 Be4 21. Bxe4 Rxc1 22. Rb1 Qxd2 0-1

[Event "IECC CL7-2000.01"]
[Site "IECC email"]
[Date "1999.10.24"]
[Round "?"]
[White "Metcalfe, Keith"]
[Black "Raeuchle, Walter"]
[Result "1/2-1/2"]
[WhiteElo "1151"]
[BlackElo "1256"]
[PlyCount "67"]
[EventDate "2000.??.??"]
[EventType "tourn (corr)"]
[EventRounds "4"]
[SourceTitle "Corr 2008"]
[Source "ChessBase"]
[SourceDate "2008.06.24"]
[SourceVersion "1"]
[SourceVersionDate "2008.06.24"]
[SourceQuality "1"]

1. e4 e5 2. Nf3 Nc6 3. d4 exd4 4. Nxd4 Nf6 5. Nc3 Bb4 6. Bg5 Qe7 7. f3 Qe5 8. Be3 d5 9. Qd2 dxe4 10. Nxc6 bxc6 11. 0-0-0 0-0 12. Bd4 Qe6 13. a3 Bxc3 14. Qxc3 Nd5 15. Qc5 f5 16. Bc4 Qd6 17. Rhe1 Re8 18. g4 Kh8 19. gxf5 Bxf5 20. Qxd6 cxd6 21. fxe4 Bxe4 22. Bxd5 cxd5 23. Rf1 Re7 24. Rf2 Kg8 25. Kd2 Rc8 26. c3 Bg6 27. Rdf1 Rb8 28. b4 a6 29. a4 Rf7 30. Rxf7 Bxf7 31. Rg1 g6 32. Re1 Kf8 33. Bf2 Rb7 34. Bg3 1/2-1/2